书目信息 |
| 题名: |
网络信息资源理论与实践研究
|
|
| 作者: | 梁平 , 陈红勤 著 | |
| 分册: | ||
| 出版信息: | 北京 中国书籍出版社 2013.1 |
|
| 页数: | 245页 | |
| 开本: | 26cm | |
| 丛书名: | 中国书籍文库 | |
| 单 册: | ||
| 中图分类: | G250.73 | |
| 科图分类: | ||
| 主题词: | 计算机网络--信息资源--资源配置--研究 | |
| 电子资源: | ||
| ISBN: | 978-7-5068-3154-3 | |
| 000 | 00999oam2 2200265 45 | |
| 001 | 1360547765 | |
| 005 | 20130603084506.50 | |
| 010 | @a978-7-5068-3154-3@dCNY49.00 | |
| 100 | @a20130513d2013 ekmy0chiy0121 ea | |
| 101 | 0 | @achi |
| 102 | @aCN@b110000 | |
| 105 | @ay z 000yy | |
| 106 | @ar | |
| 200 | 1 | @a网络信息资源理论与实践研究@AWang Luo Xin Xi Zi Yuan Li Lun Yu Shi Jian Yan Jiu@f梁 平,陈红勤著@FLiang Ping, Chen Hong Qin Zhu |
| 210 | @a北京@c中国书籍出版社@d2013.1 | |
| 215 | @a245页@d26cm | |
| 225 | 2 | @a中国书籍文库 |
| 330 | @a本书论述了网络参考信息源的含义、特点、类型及其评价的意义、原则、方法、内容、指标体系的构建和评价主体;分析了网络信息资源配置的意义、原则、现状、问题、对策和高校图书馆信息资源的优化配置。 | |
| 461 | 0 | @12001 @a中国书籍文库 |
| 606 | 0 | @a计算机网络@x信息资源@x资源配置@x研究 |
| 690 | @aG250.73@v5 | |
| 701 | 0 | @a梁平@ALiang Ping@4著 |
| 701 | 0 | @a陈红勤@AChen Hong Qin@4著 |
| 801 | @aCN@bTANGWEI@c20130523 | |
| 905 | @b0835206-11@dG250.73@e141@f6 | |
| 网络信息资源理论与实践研究/梁 平,陈红勤著.-北京:中国书籍出版社,2013.1 |
| 245页;26cm.-(中国书籍文库) |
| ISBN 978-7-5068-3154-3:CNY49.00 |
| 本书论述了网络参考信息源的含义、特点、类型及其评价的意义、原则、方法、内容、指标体系的构建和评价主体;分析了网络信息资源配置的意义、原则、现状、问题、对策和高校图书馆信息资源的优化配置。 |
| ● |
| 相关链接 |
|
|
|
|
正题名:网络信息资源理论与实践研究
索取号:G250.73/141
 
预约/预借
| 序号 | 登录号 | 条形码 | 馆藏地/架位号 | 状态 | 备注 |
| 1 | 0835206 | 208352067 | 第一样本阅览室/ [索取号:G250.73/141] | 在馆 | |
| 2 | 0835207 | 208352076 | 第四借阅区/ [索取号:G250.73/141] | 在馆 | |
| 3 | 0835208 | 208352085 | 第四借阅区/ [索取号:G250.73/141] | 在馆 | |
| 4 | 0835209 | 208352094 | 第四借阅区/ [索取号:G250.73/141] | 在馆 | |
| 5 | 0835210 | 208352101 | 第四借阅区/ [索取号:G250.73/141] | 在馆 | |
| 6 | 0835211 | 208352110 | 第四借阅区/ [索取号:G250.73/141] | 在馆 |